000 00283nam a22001337a 4500
008 180127b xxu||||| |||| 00| 0 eng d
020 _a9780072302721
041 _aeng
080 _a611
100 _a6
101 _aANA
245 _aHuman Anatomy
_cFoster, M.L
942 _2udc
_cBK
999 _c41083
_d41083